000 00490nam a2200157 a 4500
005 20140412111305.0
008 010502s19uu xx 00 eng d
020 _a0-590-30346-5
050 _aTR(GS 611
_bBo63 19_?
100 _aGross, Ruth Belov
245 _aA book about your skeleton /
_cby Ruth Belov Gross; pictures by Deborah Robinson.
260 _aNew York :
_bScholastic Book Services.
300 _a1 v. (unp.) ; ill.
650 _aBones-Juvenile literature
999 _c103653
_d103653